00581nam a2200169Ia 450000500170000000800410001704000190005804100120007708200200008924501150010926000400022430000170026465000360028165100570031770000270037485000100040120230113102236.0131103s9999 xx 000 0 und d aLoreto College aEnglish a814.09bEME-KON aKanvitz,Milton R.Emersonb a collection of critical essays cedited by Milton R. Konvitz and Stephen E.Whicher aNew JerseybPrentice - Hallcc 1962 aviii,184 p.  aEmerson,Ralph Waldo,1803 - 1882 aAmerican Essays - History and Criticism,19th Century aWhicher,Stephen E.,ed. aLCLIB